00692 2200241 4500001002100000005001700021008004100038020001800079035002500097040001200122082001000134084001800144100002400162245010700186250001100293260003100304300003100335650001200366700001800378700002400396850001200420990001800432INLIS00000000001880720160324152222.0  a979-672-914-8 a0010-031600000000817 aYOPDYOG a398.2 aK 398.2 Bou F aBOURGEOIS, Paulette aFranklin di kegelapanc/ Paulette Bourgeois ; ilustrator Brenda Clark ; penerjemah C. Erni Setiyowati. aCet.7. aYogyakartabKanisiusc2009 a[30 hlm]b: ilus.c; 22 cm aDongeng aClark, Brenda aErni Setiyowati, C. aYOPDYOG a51008-PD/A.16